<?xml version="1.0" encoding="UTF-8"?>
<record
    xmlns:xsi="http://www.w3.org/2001/XMLSchema-instance"
    xsi:schemaLocation="http://www.loc.gov/MARC21/slim http://www.loc.gov/standards/marcxml/schema/MARC21slim.xsd"
    xmlns="http://www.loc.gov/MARC21/slim">

  <leader>00753nam a2200241 u 4500</leader>
  <controlfield tag="001">4151</controlfield>
  <controlfield tag="005">20260428104310.0</controlfield>
  <controlfield tag="008">950905s1995       ||||||m|         spa  </controlfield>
  <datafield tag="035" ind1=" " ind2=" ">
    <subfield code="a">4151</subfield>
  </datafield>
  <datafield tag="040" ind1=" " ind2=" ">
    <subfield code="c">comduadb</subfield>
  </datafield>
  <datafield tag="041" ind1=" " ind2=" ">
    <subfield code="a">spa</subfield>
  </datafield>
  <datafield tag="082" ind1=" " ind2="4">
    <subfield code="a">321</subfield>
  </datafield>
  <datafield tag="100" ind1="1" ind2="0">
    <subfield code="a">Londo&#xF1;o Carvajal, German</subfield>
    <subfield code="4">aut</subfield>
    <subfield code="e">aut</subfield>
    <subfield code="9">238640</subfield>
  </datafield>
  <datafield tag="245" ind1="1" ind2="4">
    <subfield code="a">Las islas de utopia : apuntes para una aproximacion al concepto de utopia como recurso politico</subfield>
  </datafield>
  <datafield tag="260" ind1=" " ind2=" ">
    <subfield code="a">Medell&#xED;n :</subfield>
    <subfield code="b">[sin publicador],</subfield>
    <subfield code="c">1995.</subfield>
  </datafield>
  <datafield tag="300" ind1=" " ind2=" ">
    <subfield code="a">91 hojas</subfield>
  </datafield>
  <datafield tag="500" ind1=" " ind2=" ">
    <subfield code="a">Tesis(abogado)--Universidad de Antioquia.Facultad de Derecho y Ciencias Politicas,1995.</subfield>
  </datafield>
  <datafield tag="650" ind1=" " ind2="7">
    <subfield code="a">Filosof&#xED;a pol&#xED;tica</subfield>
    <subfield code="2">lemb</subfield>
    <subfield code="9">1528</subfield>
  </datafield>
  <datafield tag="650" ind1=" " ind2=" ">
    <subfield code="a">Viajes imaginarios</subfield>
    <subfield code="9">2102</subfield>
  </datafield>
  <datafield tag="942" ind1=" " ind2=" ">
    <subfield code="c">TESIS</subfield>
  </datafield>
  <datafield tag="999" ind1=" " ind2=" ">
    <subfield code="c">3523</subfield>
    <subfield code="d">3523</subfield>
  </datafield>
  <datafield tag="502" ind1=" " ind2=" ">
    <subfield code="b">133</subfield>
    <subfield code="c">14</subfield>
  </datafield>
  <datafield tag="526" ind1=" " ind2=" ">
    <subfield code="a">135</subfield>
  </datafield>
  <datafield tag="952" ind1=" " ind2=" ">
    <subfield code="0">0</subfield>
    <subfield code="1">0</subfield>
    <subfield code="4">0</subfield>
    <subfield code="7">0</subfield>
    <subfield code="8">TESISBC</subfield>
    <subfield code="a">BC</subfield>
    <subfield code="b">BC</subfield>
    <subfield code="d">1998-05-14</subfield>
    <subfield code="e">Material adquirido por donaci&#xF3;n</subfield>
    <subfield code="i">C4968</subfield>
    <subfield code="l">0</subfield>
    <subfield code="o">321.07 L847i</subfield>
    <subfield code="p">61000002259360</subfield>
    <subfield code="r">2023-04-20 00:00:00</subfield>
    <subfield code="t">1</subfield>
    <subfield code="w">2023-04-20</subfield>
    <subfield code="y">TESIS</subfield>
  </datafield>
</record>
